| Tag |
First Indicator |
Second Indicator |
Subfields |
| LEADER |
00000cam a2200000 4500 |
| 001 |
in00000054983 |
| 005 |
20151008052137.0 |
| 008 |
800509s1916 nyua b 00010 eng |
| 010 |
|
|
|a 16016752
|
| 035 |
|
|
|a (OCoLC)06302423
|
| 035 |
|
|
|9 AAH1901AM
|
| 040 |
|
|
|a DLC
|c TXA
|d UtOrBLW
|
| 049 |
|
|
|a TXAM
|c [12102]
|
| 050 |
|
0 |
|a JS331
|b .M8 1916
|
| 092 |
|
|
|a 352.073
|b M968g2
|
| 100 |
1 |
|
|a Munro, William Bennett,
|d 1875-1957.
|
| 245 |
1 |
4 |
|a The government of American cities /
|c by William Bennett Munro ...
|
| 250 |
|
|
|a New and rev. ed.
|
| 264 |
|
1 |
|a New York :
|b The Macmillan company,
|c 1916.
|
| 300 |
|
|
|a ix, 415 pages :
|b diagram ;
|c 22 cm.
|
| 336 |
|
|
|a text
|b txt
|2 rdacontent
|
| 337 |
|
|
|a unmediated
|b n
|2 rdamedia
|
| 338 |
|
|
|a volume
|b nc
|2 rdacarrier
|
| 504 |
|
|
|a "References" at end of each chapter.
|
| 650 |
|
0 |
|a Municipal government
|z United States.
|
| 999 |
|
|
|a MARS
|
| 999 |
f |
f |
|s 0decee99-f09f-39fb-8a5e-14e157b3677a
|i 700ec574-424a-382b-b1a1-fb990208f3b4
|t 0
|
| 952 |
f |
f |
|p ric
|a Texas A&M University
|b Rellis Campus
|c Joint Library Facility
|d Remote Storage
|t 0
|e JS331 .M8 1916
|h Library of Congress classification
|i unmediated -- volume
|m A14800796802
|
| 998 |
f |
f |
|a JS331 .M8 1916
|t 0
|l Remote Storage
|